Gaming Quiz

Random Gaming or Grab Bag Quiz

Find Five: Video Games Quiz Stats

 Plays Quiz not verified by Sporcle

Score 0/50 Timer 08:00
0 Plays Today
% Correct
Black Ops III
92.3%
Super Smash Bros. Ultimate
83.3%
Yoshi's Safari
83.1%
Lara Croft Go
82.7%
Donkey Kong
80%
The Force Unleashed
79.6%
Link's Awakening
78.7%
Modern Warfare
77.9%
Ocarina of Time
76.2%
Party 3
74.2%
Crystal
73.2%
Galactic Battlegrounds
73%
Brotherhood
72.8%
Diamond
72%
Rogue Squadron
71.1%
Infinite Warfare
70.7%
Knights of the Old Republic
70.6%
Majora's Mask
70.2%
LeafGreen
69.2%
Omega Ruby
68.3%
X-Wing
66.8%
Rainbow Six
66.5%
Skyrim
65.9%
Sports Superstars
65%
Splinter Cell
64.9%
% Correct
HeartGold
64.3%
Ghost Recon
63.8%
World at War
63.3%
The Wind Waker
60.5%
Altair's Chronicles
56.6%
Ghosts
55.6%
Daggerfall
55.3%
Morrowind
54.4%
Revelations
50.9%
Guns of the Patriots
49.2%
Curse of the Sword
46.9%
The Division
46%
Underworld
45.3%
The Angel of Darkness
45.1%
Liberation
41.1%
Sons of Liberty
40.5%
The Last Revelation
40.3%
Ground Zeroes
38.4%
Phantom Hourglass
38.2%
Redguard
36.2%
Blades
34.3%
Portable Ops Plus
31.8%
Peace Walker
29.1%
Freedom Cry
26%
Endwar
19.8%

You're not logged in!

Compare scores with friends on all Sporcle quizzes.
OR
Log In

Sporcle TV

Today on Sporcle TV


Watch our educational content, quiz creation guides, and fun videos on Sporcle TV.

Show Comments

Extras

Top Quizzes Today


Score Distribution

Your Account Isn't Verified!

In order to create a playlist on Sporcle, you need to verify the email address you used during registration. Go to your Sporcle Settings to finish the process.

Report this User

Report this user for behavior that violates our Community Guidelines.

Details: